Imagerie médicale – Thérapies par ondes (notice n° 1905784)
[ vue normale ]
| 000 -LEADER | |
|---|---|
| fixed length control field | 00658cam a2200181 4500500 |
| 005 - DATE AND TIME OF LATEST TRANSACTION | |
| control field | 20260329020359.0 |
| 041 ## - LANGUAGE CODE | |
| Language code of text/sound track or separate title | fre |
| 042 ## - AUTHENTICATION CODE | |
| Authentication code | dc |
| 100 10 - MAIN ENTRY--PERSONAL NAME | |
| Personal name | Banégas, Frédéric |
| Relator term | author |
| 245 00 - TITLE STATEMENT | |
| Title | Imagerie médicale – Thérapies par ondes |
| 260 ## - PUBLICATION, DISTRIBUTION, ETC. | |
| Name of publisher, distributor, etc. | Techniques de l'ingénieur,<br/> |
| Date of publication, distribution, etc. | 2025.<br/> |
| 700 10 - ADDED ENTRY--PERSONAL NAME | |
| Personal name | Chabrand, Patrick |
| Relator term | author |
| 700 10 - ADDED ENTRY--PERSONAL NAME | |
| Personal name | Combes, Christèle |
| Relator term | author |
| 700 10 - ADDED ENTRY--PERSONAL NAME | |
| Personal name | Lagarce, Frédéric |
| Relator term | author |
| 700 10 - ADDED ENTRY--PERSONAL NAME | |
| Personal name | Lemoine, Thierry |
| Relator term | author |
| 700 10 - ADDED ENTRY--PERSONAL NAME | |
| Personal name | Salgues, Bruno |
| Relator term | author |
| 856 41 - ELECTRONIC LOCATION AND ACCESS | |
| Uniform Resource Identifier | <a href="https://stm.cairn.info/techniques-de-l-ingenieur-imagerie-medicale--therapies-par-ondes--42607210?lang=fr&redirect-ssocas=7080">https://stm.cairn.info/techniques-de-l-ingenieur-imagerie-medicale--therapies-par-ondes--42607210?lang=fr&redirect-ssocas=7080</a> |
Pas d'exemplaire disponible.




Réseaux sociaux